The first 12 month : a complete start-up guide for entrepreneurs
| Main Author: | |
|---|---|
| Format: | Book |
| Published: |
London :
Kogan Page Ltd. ,
1989
|
| Subjects: |
MARC
| LEADER | 00000cam a2200000 7i4500 | ||
|---|---|---|---|
| 001 | 0000034999 | ||
| 002 | 000037836 | ||
| 005 | 20000331.0 | ||
| 020 | |a 0749402628 | ||
| 090 | 0 | 0 | |a 338.04 |b BAN |
| 100 | 1 | |a Bangs, David H | |
| 245 | 1 | 4 | |a The first 12 month : |b a complete start-up guide for entrepreneurs |c David H. Bangs |
| 260 | |a London : |b Kogan Page Ltd. , |c 1989 | ||
| 300 | |a 158 p. ; |c 22 cm. | ||
| 650 | 0 | 0 | |a Entrepreneurship |
| 999 | |a 027846 |b BUKU |c PINJAMAN |e PERPUSTAKAAN KOMUNITI PETALING JAYA | ||